| 000 | 00900nam2a22002411 4500 | ||
|---|---|---|---|
| 001 | rc\367908 | ||
| 005 | 20250621064745.0 | ||
| 035 | _a(NLR Aleph) 005634626 | ||
| 090 |
_a6605848 _c6605848 |
||
| 100 | _a20030307d1990 |||y0rusy50 ca | ||
| 101 | 0 | _arus | |
| 102 | _aRU | ||
| 105 | _aa ||||||||| | ||
| 200 | 0 | _aЧ. 2 | |
| 210 |
_d1990 _aБ. м. |
||
| 215 |
_a35 с., включ. обл. _cил. _e[1] отд. л. схем. |
||
| 225 | 1 |
_a... _vВып. 1 |
|
| 461 | 0 |
_1001rc\367906 _12001#$aСОВРЕМЕННОЕ оборудование для выделки кож$f[Сост. Л.А. Каплин]$vЧ. 2 _96605832 _cМ. _d1989- _f[Сост. Л.А. Каплин] _nЦБНТИ Минбыта РСФСР _tСОВРЕМЕННОЕ оборудование для выделки кож _vЧ. 2 |
|
| 801 | 0 |
_aRU _bNLR _gpsbo |
|
| 801 | 1 |
_aRU _bELAR _2rusmarc |
|
| 852 |
_aNLR _jП10/3244 |
||
| 942 | _cBOOK | ||
| 980 | _aNB | ||